000 00598cam a22002057a 4500
005 20260322212052.0
008 data
010 _a 2006298485
020 _a0142405965
020 _a9780142405963 (pbk.)
040 _aIKG
_cIKG
_dDLC
_dOCLCQ
_dDLC
050 0 0 _aMLCS 2011/42127 (P)
099 _aBRUCHJ
100 1 _aBruchac, Joseph,
_d1942-
245 1 0 _aCode talker :
_ba novel about the Navajo Marines of World War Two /
_cJoseph Bruchac.
260 _aNew York :
_bSpeak,
_c2006, c2005.
300 _a231 p. ;
_c21 cm.
504 _aIncludes bibliographical references (p. 225-227).
001 data
999 _c1228
_d1228